Á lódáil...

Prabandanjari Part.2 /

Sonraí Bibleagrafaíochta
Príomhúdar: Balakrishna Warrier
Formáid: Printed Book
Teanga:Malayalam
Foilsithe: S.P.C.S. , 1124.
Ábhair:
LEADER 00478nam a2200145Ia 4500
008 150624b xxu||||| |||| 00| e mal d
082 |a 854.24B1 
100 |a Balakrishna Warrier 
245 |c Balakrishna Warrier  |a Prabandanjari Part.2 / 
260 |b S.P.C.S. ,  |c 1124. 
546 |a In Malayalam. 
650 |v Essays 
942 |c BK 
999 |c 70814  |d 70814 
952 |0 1  |1 0  |4 1  |6 854_000000000000000_24B1_PRA_M  |7 0  |9 70791  |a UL  |b UL  |c ST1  |d 1998-09-15  |l 0  |o 854.24B1 PRA M  |p 674  |r 2012-10-27  |w 2012-10-27  |y BK